[Event "Brno Trade op"]
[Site "Brno"]
[Date "2011.08.27"]
[Round "8"]
[White "Blahynka, Martin"]
[Black "Sikora, Lukas"]
[Result "1-0"]
[WhiteElo "2096"]
[BlackElo "1931"]
[PlyCount "87"]
[EventDate "2011.08.21"]
[EventType "swiss"]
[EventRounds "9"]
[EventCountry "CZE"]
[SourceTitle "CBM 144 Extra"]
[Source "ChessBase"]
[SourceDate "2011.10.28"]
[SourceVersion "1"]
[SourceVersionDate "2011.10.28"]
[SourceQuality "1"]

1. e4 d6 2. d4 Nf6 3. Nc3 g6 4. Nf3 Bg7 5. Be2 0-0 6. 0-0 Nc6 7. d5 Nb8 8. Be3 e5 9. dxe6 Bxe6 10. Nd4 Qe7 11. f4 Nxe4 12. Nxe4 Bf5 13. Qd2 Bxe4 14. f5 Re8 15. Bf3 Nc6 16. Nxc6 bxc6 17. Bg5 f6 18. Rae1 d5 19. Bxe4 dxe4 20. Be3 Qe5 21. Qb4 Qb5 22. Qb3+ Qxb3 23. cxb3 gxf5 24. Rxf5 Rad8 25. Rc1 Rd5 26. g4 Rd3 27. Rc3 Re5 28. Kf2 Rxf5+ 29. gxf5 Rxc3 30. bxc3 Bf8 31. Bxa7 Bd6 32. Ke3 Bxh2 33. Kxe4 Be5 34. Bd4 Bd6 35. Bxf6 Kf7 36. Bd4 Ba3 37. Be5 Ke7 38. Bxc7 Kf7 39. Bf4 Ke7 40. Bg5+ Kd7 41. Kd4 Kd6 42. b4 c5+ 43. Kc4 cxb4 44. Kb3 1-0

[Event "Brno Trade op"]
[Site "Brno"]
[Date "2011.08.22"]
[Round "3"]
[White "Sikora, Lukas"]
[Black "Kredl, Karel"]
[Result "1/2-1/2"]
[WhiteElo "1931"]
[BlackElo "2108"]
[PlyCount "61"]
[EventDate "2011.08.21"]
[EventType "swiss"]
[EventRounds "9"]
[EventCountry "CZE"]
[SourceTitle "CBM 144 Extra"]
[Source "ChessBase"]
[SourceDate "2011.10.28"]
[SourceVersion "1"]
[SourceVersionDate "2011.10.28"]
[SourceQuality "1"]

1. d4 Nf6 2. c4 c5 3. d5 b5 4. a4 bxc4 5. Nc3 g6 6. e4 d6 7. f4 Bg7 8. Nf3 0-0 9. Bxc4 Ba6 10. Qe2 Qa5 11. 0-0 Bxc4 12. Qxc4 Na6 13. e5 dxe5 14. fxe5 Nd7 15. Bg5 Rfe8 16. d6 e6 17. Qf4 Qb4 18. Ne4 Nab8 19. Be7 Nc6 20. Rae1 Nxe7 21. dxe7 Rxe7 22. Qh4 Bf8 23. Nfg5 h6 24. Rf4 Qd4+ 25. Kh1 Qxe5 26. Nf6+ Qxf6 27. Rxf6 Nxf6 28. Nxe6 Rae8 29. Qxf6 Rxe6 30. Rxe6 Rxe6 31. Qf2 1/2-1/2

[Event "Brno Duras op-A"]
[Site "Brno"]
[Date "2011.06.29"]
[Round "6"]
[White "Sikora, Lukas"]
[Black "Cip, Dalibor"]
[Result "1/2-1/2"]
[WhiteElo "1931"]
[BlackElo "2137"]
[PlyCount "123"]
[EventDate "2011.06.25"]
[EventType "swiss"]
[EventRounds "9"]
[EventCountry "CZE"]
[SourceTitle "CBM 143 Extra"]
[Source "ChessBase"]
[SourceDate "2011.08.29"]
[SourceVersion "1"]
[SourceVersionDate "2011.08.29"]
[SourceQuality "1"]

1. d4 e6 2. c4 f5 3. g3 Nf6 4. Bg2 d5 5. Nc3 c6 6. Nh3 Bb4 7. Qb3 Qe7 8. 0-0 0-0 9. a3 Bxc3 10. bxc3 Nbd7 11. Bf4 Nb6 12. cxd5 exd5 13. Rfe1 Nc4 14. f3 Ne3 15. Kf2 Nxg2 16. Kxg2 h6 17. Nf2 Be6 18. Nd3 g5 19. Be5 Rf7 20. Qb4 Qxb4 21. axb4 Nd7 22. Bd6 a6 23. Reb1 Re8 24. Nc1 Nb6 25. Nd3 Rd8 26. Bc5 Nc4 27. Ne5 Rg7 28. Nxc4 dxc4 29. h3 Bd5 30. Re1 Re8 31. Bd6 Rf7 32. Be5 Ref8 33. Bd6 Rd8 34. Be5 Ra8 35. e4 Be6 36. Red1 fxe4 37. fxe4 Raf8 38. Rd2 Rf3 39. Rc2 Re3 40. Bd6 Rf7 41. g4 Rxe4 42. Rf2 Bd5 43. Rxf7 Kxf7 44. Kf2 Re8 45. Rf1 Kg6 46. Be5 Rf8+ 47. Kg1 Rxf1+ 48. Kxf1 h5 49. Kf2 hxg4 50. hxg4 Kf7 51. Bc7 Be4 52. Ke3 Bc2 53. Bd8 Bd1 54. Bxg5 Bxg4 55. Kf4 Be6 56. Ke5 Kg6 57. Kxe6 Kxg5 58. d5 cxd5 59. Kxd5 Kf5 60. Kxc4 Ke4 61. Kc5 Kd3 62. Kb6 1/2-1/2

[Event "Brno Trade op"]
[Site "Brno"]
[Date "2010.08.29"]
[Round "9"]
[White "Spodny, Josef"]
[Black "Sikora, Lukas"]
[Result "1/2-1/2"]
[WhiteElo "2108"]
[BlackElo "1821"]
[PlyCount "39"]
[EventDate "2010.08.22"]
[EventType "swiss"]
[EventRounds "9"]
[EventCountry "CZE"]
[SourceTitle "CBM 138 Extra"]
[Source "ChessBase"]
[SourceDate "2010.10.29"]
[SourceVersion "1"]
[SourceVersionDate "2010.10.29"]
[SourceQuality "1"]

1. d4 Nf6 2. Nf3 e6 3. Bg5 Be7 4. Nbd2 d5 5. e3 b6 6. Bd3 Bb7 7. c3 Ne4 8. Bxe7 Qxe7 9. 0-0 0-0 10. Qc2 Nxd2 11. Nxd2 h6 12. e4 dxe4 13. Bxe4 Bxe4 14. Qxe4 Nd7 15. Nf3 c5 16. Rad1 Rfd8 17. Qb7 Rdb8 18. Qc7 Rc8 19. Qf4 cxd4 20. Qxd4 1/2-1/2

[Event "Brno Trade op"]
[Site "Brno"]
[Date "2010.08.22"]
[Round "1"]
[White "Skacelik, Petr"]
[Black "Sikora, Lukas"]
[Result "0-1"]
[WhiteElo "2223"]
[BlackElo "1821"]
[PlyCount "60"]
[EventDate "2010.08.22"]
[EventType "swiss"]
[EventRounds "9"]
[EventCountry "CZE"]
[SourceTitle "CBM 138 Extra"]
[Source "ChessBase"]
[SourceDate "2010.10.29"]
[SourceVersion "1"]
[SourceVersionDate "2010.10.29"]
[SourceQuality "1"]

1. d4 Nf6 2. c4 e6 3. Nc3 b6 4. Bg5 Be7 5. e3 Bb7 6. Nf3 c5 7. Rc1 h6 8. Bh4 0-0 9. Bd3 d5 10. 0-0 Nc6 11. a3 Rc8 12. cxd5 exd5 13. Bf5 Nd7 14. Bg3 cxd4 15. exd4 g6 16. Bb1 Na5 17. Re1 Nc4 18. Qb3 f5 19. Be5 g5 20. Rcd1 Bf6 21. Bxf5 Bxe5 22. Be6+ Kg7 23. Nxe5 Ncxe5 24. Nxd5 Ng6 25. Ne3 Nh4 26. d5 Qe8 27. Ng4 Rc5 28. Qa4 Bc8 29. Qxa7 Rc2 30. f3 Nxg2 0-1

[Event "Kouty nad Desnou op-B"]
[Site "Kouty nad Desnou"]
[Date "2010.03.09"]
[Round "5"]
[White "Sikora, Lukas"]
[Black "Kalista, Radek"]
[Result "1-0"]
[WhiteElo "1795"]
[BlackElo "1483"]
[PlyCount "31"]
[EventDate "2010.03.06"]
[EventType "swiss"]
[EventRounds "9"]
[EventCountry "CZE"]
[SourceTitle "EXT 2012"]
[Source "ChessBase"]
[SourceDate "2011.11.24"]
[SourceVersion "1"]
[SourceVersionDate "2011.11.24"]
[SourceQuality "1"]

1. d4 d5 2. c4 Nc6 3. Nf3 Nf6 4. cxd5 Qxd5 5. Nc3 Qd8 6. d5 Na5 7. Qa4+ c6 8. e4 b5 9. Nxb5 cxb5 10. Bxb5+ Nd7 11. Bf4 Nb7 12. b4 g6 13. Rc1 Bg7 14. Bc7 Bb2 15. Rc6 Nb6 16. Rxb6+ 1-0

[Event "Kouty nad Desnou op-B"]
[Site "Kouty nad Desnou"]
[Date "2010.03.08"]
[Round "4"]
[White "Liduch, Filip"]
[Black "Sikora, Lukas"]
[Result "0-1"]
[WhiteElo "1570"]
[BlackElo "1795"]
[PlyCount "42"]
[EventDate "2010.03.06"]
[EventType "swiss"]
[EventRounds "9"]
[EventCountry "CZE"]
[SourceTitle "EXT 2012"]
[Source "ChessBase"]
[SourceDate "2011.11.24"]
[SourceVersion "1"]
[SourceVersionDate "2011.11.24"]
[SourceQuality "1"]

1. e4 d6 2. d4 Nf6 3. Nc3 g6 4. Nf3 Bg7 5. Be3 0-0 6. h3 e5 7. dxe5 dxe5 8. Bc4 Nc6 9. 0-0 Qe7 10. Qe2 Na5 11. Bb3 Be6 12. Bxe6 Qxe6 13. Qb5 Nc4 14. Bc5 c6 15. Qb4 a5 16. Qb3 Rfd8 17. Rad1 b6 18. Be3 b5 19. Bc5 Nd7 20. Be3 a4 21. Qb4 Bf8 0-1

[Event "CZE-ch U14"]
[Site "Kouty nad Desnou"]
[Date "2009.??.??"]
[Round "4"]
[White "Sikora, Lukas"]
[Black "Kozel, Jiri"]
[Result "1/2-1/2"]
[WhiteElo "1763"]
[BlackElo "1885"]
[PlyCount "58"]
[EventDate "2009.03.07"]
[EventType "swiss"]
[EventRounds "9"]
[EventCountry "CZE"]
[SourceTitle "EXT 2011"]
[Source "ChessBase"]
[SourceDate "2010.11.26"]
[SourceVersion "1"]
[SourceVersionDate "2010.11.26"]
[SourceQuality "1"]

1. d4 Nf6 2. c4 e6 3. Nc3 Bb4 4. Qc2 b6 5. Bg5 Bb7 6. Nf3 d6 7. e3 Nbd7 8. Bd3 h6 9. Bh4 Bxc3+ 10. bxc3 Qe7 11. 0-0 Bxf3 12. gxf3 g5 13. Bg3 h5 14. Be4 Rd8 15. h3 Nxe4 16. Qxe4 f5 17. Qc6 Rg8 18. Kh1 g4 19. Qxc7 f4 20. exf4 h4 21. Bh2 g3 22. Rg1 Qh7 23. Qxd6 Qf5 24. Rae1 Nf8 25. Qe5 gxf2 26. Qxf5 Rxg1+ 27. Bxg1 fxe1Q 28. Qh5+ Ke7 29. Qg5+ Ke8 1/2-1/2